| 000 | 00696nam a2200217Ia 4500 | ||
|---|---|---|---|
| 999 |
_c530 _d530 |
||
| 020 | _a0-87287-381-1 | ||
| 082 | _aRR 025.04 BYE-O | ||
| 100 | _aByerly, Greg | ||
| 245 | 0 | _aOnline searching: a dictionary and bibliographic guide | |
| 260 |
_aColorado _bLIbraries Unlimited _c1983 |
||
| 300 | _a288p. | ||
| 504 | _aIncludes bibliography, index | ||
| 650 | _aBibliographic searching, Online | ||
| 650 | _aElectronic information resource searching - Bibliography | ||
| 650 | _aInformation retrieval | ||
| 650 | _aElectronic information resource searching - Dictionaries | ||
| 650 | _aOnline searching | ||
| 650 | _aOnline bibliographic searching | ||
| 650 | _aLibrary science | ||
| 942 | _cBK | ||